000 00215 a2200097 4500
001 9600
100 _aHall, S
245 _aDiseases of the Nose Throat & Ear
260 _a
_bEnglish Laguage
_c
090 _c7640
_d7640
942 _aNUST-CAE
_cM
_c34312
999 _c244673
_d244673